Competition in global industries
Essays discuss technology, manufacturing, marketing, finance, capital, government policies, coalitions, competition, and leadership in the global marketplace, and look at specific cases.
Sparad:
| Huvudupphovsman: | |
|---|---|
| Materialtyp: | Bok |
| Språk: | Undetermined |
| Publicerad: |
Boston, Mass.
Harvard Business School Press
1986
|
| Ämnen: | |
| Taggar: |
Lägg till en tagg
Inga taggar, Lägg till första taggen!
|
| Thư viện lưu trữ: | Trung tâm Học liệu Trường Đại học Cần Thơ |
|---|
| LEADER | 00828nam a2200193Ia 4500 | ||
|---|---|---|---|
| 001 | CTU_221730 | ||
| 008 | 210402s9999 xx 000 0 und d | ||
| 082 | |a 338.8 | ||
| 082 | |b P847 | ||
| 100 | |a Porter, Michael Eugene | ||
| 245 | 0 | |a Competition in global industries | |
| 245 | 0 | |c Michael Eugene Porter | |
| 260 | |a Boston, Mass. | ||
| 260 | |b Harvard Business School Press | ||
| 260 | |c 1986 | ||
| 520 | |a Essays discuss technology, manufacturing, marketing, finance, capital, government policies, coalitions, competition, and leadership in the global marketplace, and look at specific cases. | ||
| 650 | |a Cạnh tranh, quốc tế,Competition, International,International business enterprises,Tổ chức kinh doanh quốc tế | ||
| 904 | |i Trúc | ||
| 980 | |a Trung tâm Học liệu Trường Đại học Cần Thơ | ||